00560 a2200181 4500003000500000005001700005040000900022082001000031100003400041245008800075260003700163300001300200650001600213651001900229942000800248999001900256952010300275Nust20170207171856.0 cNust a005.1 aAfzal, Muhammad Ertza BESE-18 aNiS-A Network Monitoring Tool cMuhammad Ertza Afzal, Nasir Hussain, Subtain Ishfaq aMCS, NUSTbRawalpindicJune 2016 aix, 46 p aUG Projects aUG CSE Project cPRG c219403d219403 00102ddc40708NFICaMCSbMCSd2016-12-12l0o005.1 AFZpMCSPCS-283r2016-12-08w2016-12-12yBK